| 000 | 00682nam a2200193Ia 4500 | ||
|---|---|---|---|
| 003 | GCL | ||
| 008 | 140319s9999 xx 000 0 ara d | ||
| 020 | _a4020679953 | ||
| 040 |
_aGCL / _cGCL |
||
| 082 | 0 | 4 |
_a923.2 _bا س |
| 100 | 1 | _aاولبرايت، مادلين | |
| 245 | 1 | 0 |
_aالسيدة الوزيرة MADAM SECRETARY : _bمادلين أولبرايت سيرة ذاتية / _cاولبرايت، مادلين |
| 700 | 1 | _aمحمد توفيق البيجيرمى | |
| 260 |
_aبيروت : _bالحوار الثقافى ، _c2004 |
||
| 300 |
_a782 ص ؛ _c24 سم |
||
| 650 | 0 | 4 | _aالتراجم الذاتية |
| 650 | 0 | 4 | _aمادلين اولبرايت |
| 942 |
_2ddc _cBK |
||
| 999 |
_c46314 _d46314 |
||